Guess The Country Singer by Album Cover - Statistics

General Stats
  • This quiz has been taken 15 times
  • The average score is 6 of 18
Answer Stats
Picture Answer % Correct
Hank Williams
73%
Eric Church
55%
George Jones
55%
Hank Williams Jr.
55%
Marty Robbins
55%
Don Williams
36%
Hank Williams III
36%
Merle Haggard
36%
Waylon Jennings
36%
David Allan Coe
27%
Dwight Yoakam
27%
Tom T. Hall
27%
Charlie Daniels
18%
Jerry Reed
18%
John Anderson
18%
Johnny Horton
18%
Billy Joe Shaver
9%
Lefty Frizzel
9%
No matching quizzes found
Score Distribution
Percent of People with Each Score
Percentile by Number Answered
Your Score History
You have not taken this quiz